000 00297nam a2200121 i 4500
001 bg
245 0 _aSocjalistyczna integracja gospodarcza :
_bzasady, formy, przejawy.
260 _aWarszawa,
_c1974.
040 _cBPK
041 _apol
942 _cKS
008 s pl f |000 0 pol
999 _c17402
_d17402
856 _uhttp://koha.tu.koszalin.pl/cgi-bin/koha/opac-detail.pl?biblionumber=17402
_yKatalog online BPK